00943nam a2200265 i 450000100060000000300090000600500170001500700030003200800410003502000180007604000220009408000120011608000120012810000290014024501130016926000580028230000210034049000180036165000260037965000150040571001050042073000510052583000680057685200330064415727ES-MaACL20250728062556.0t|000505s1999 sp ||||0| spa j a84-88973-90-X aM-BN bspa cM-BN a347.766 a347.4571 aGarrido, José María.10aGarantías reales, privilegios y par condicio b: un ensayo de análisis funcional / cJosé Mª Garrido. a[Madrid] : bCentro de Estudios Registrales, c[1999] a151 p ; c23 cm.1 aMonografías14aGarantías (Derecho)14aCrédito.2 aColegio de Registradores de la Propiedad y Mercantiles de España.bCentro de Estudios Registrales. 0aMonografías (Centro de Estudios Registrales)00aMonografías (Centro de Estudios Benaventanos "Ledo del Pozo") aES-MaACLjL-23024 bR.127574